| 000 | 01637cam a2200241 4500 | ||
|---|---|---|---|
| 001 | X113330 | ||
| 008 | 000000n2001 000 0 eng u | ||
| 035 | _a(Sirsi) u113330 | ||
| 245 | _aArbitration awards: time limits | ||
| 260 | _c2001 | ||
| 490 |
_aArbitration Law Monthly _v1(4) May 2001, 4-5(2) |
||
| 520 | _aDiscusses "John Mowlem Construction Plc v SoS Defence" where the court was asked to decide whether a reference to arbitration was valid if it was clear that the dispute could not be resolved within the time period agreed by the parties. The judge dismissed the defendant's arguments on the grounds that there was no indication that the procedural requirements laid down in the contract were intended to limit what was a basic unrestricted arbitration clause, and because of the practical problems and extraordinary results that such an arrangement could have resulted in. It was also ruled that in order to remove the powers of the courts to extend time under the Arbitration Act 1996 s50 and s79 the agreement would need to be clear contract out of the Act, which was not the case with the agreement in question. | ||
| 650 | _aMANAGEMENT-DISPUTE AVOIDANCE, MANAGEMENT AND RESOLUTION-DISPUTE MANAGEMENT AND RESOLUTION-ARBITRATION | ||
| 650 | _aARBITRATION ACT 1996 | ||
| 650 | _aARBITRATION ACT 1996 S50 | ||
| 650 | _aARBITRATION ACT 1996 S79 | ||
| 650 | _aARBITRATION CLAUSES | ||
| 650 | _aCONTRACTING OUT | ||
| 650 | _aJOHN MOWLEM CONSTRUCTION PLC V SOS DEFENCE | ||
| 650 | _aTIME LIMITS | ||
| 690 | _aMANGEMENT-DISPUTE AVOIDANCE, MANAGEMENT AND RESOLUTION-DISPUTE MANAGEMENT AND RESOLUTION | ||
| 942 | _n0 | ||
| 999 |
_c67512 _d67512 |
||